[Event "Emilia Romagna Province-ch"]
[Site "Formigine"]
[Date "2007.04.28"]
[Round "2"]
[White "Pelliconi, Vanes"]
[Black "Chierici, James"]
[Result "1-0"]
[WhiteElo "2019"]
[BlackElo "1577"]
[PlyCount "131"]
[EventDate "2007.04.28"]
[EventType "swiss"]
[EventRounds "6"]
[EventCountry "ITA"]
[SourceTitle "EXT 2009"]
[Source "ChessBase"]
[SourceDate "2008.11.26"]
[SourceVersion "1"]
[SourceVersionDate "2008.11.26"]
[SourceQuality "1"]

1. d4 d5 2. Nf3 Nf6 3. c4 dxc4 4. Nc3 e6 5. e3 Nc6 6. Bxc4 Bb4 7. 0-0 0-0 8. Qe2 a6 9. Rd1 Bxc3 10. bxc3 Ne7 11. e4 b5 12. Bd3 Ng6 13. Bg5 h6 14. Bc1 Bb7 15. Bd2 Qe7 16. a4 c6 17. g3 Rfe8 18. Bc1 Qc7 19. h4 c5 20. Be3 Nxe4 21. Rac1 Nxg3 22. fxg3 Qxg3+ 23. Qg2 Qxf3 24. Qxf3 Bxf3 25. Rf1 Bd5 26. h5 c4 27. Be2 Ne7 28. axb5 axb5 29. Rb1 Reb8 30. Bf4 Rb7 31. Rb2 Nc6 32. Rfb1 Na7 33. Ra1 Rd7 34. Rba2 Kf8 35. Ra6 f6 36. Bd6+ Kf7 37. Bc5 e5 38. Bg4 Rdd8 39. Rxa7+ Rxa7 40. Rxa7+ Kg8 41. Rd7 Rxd7 42. Bxd7 exd4 43. Bxd4 Bf3 44. Be8 Bd1 45. Kf2 Kf8 46. Bg6 Ke7 47. Bc5+ Ke6 48. Ke3 f5 49. Bd4 Bc2 50. Kf4 Kd5 51. Bf7+ Kd6 52. Bxg7 Ke7 53. Bg6 Be4 54. Bxf5 Bd5 55. Ke5 Bf7 56. Bg4 b4 57. cxb4 c3 58. Bxh6 Kd8 59. Kd6 c2 60. b5 Be8 61. b6 Bd7 62. Bg5+ Kc8 63. Bxd7+ Kb7 64. Kc5 Kb8 65. Bf4+ Kb7 66. Kb5 1-0